000 00523nam a2200193 a 4500
001 1767946523285
003 YourLibrary
005 20260110115631.0
008 260109s1996##################000#0#eng##
020 _a9780521479837
082 0 4 _a302
_bAUH
100 1 _aAuhagen, Ann Elisabeth,
_eauthor.
245 1 0 _aThe Diversity of Human Relationships :
260 _bCambridge University Press,
_c1996.
300 _a364 pages
650 0 _aPsychology.
942 _cENGLISH
040 _aYourLibrary
_beng
_cYourLibrary
999 _c608007
_d608007